British Geography by Letter - B - Statistics

General Stats
  • This quiz has been taken 415 times
  • The average score is 14 of 20
Answer Stats
Hint Answer % Correct
Where the British monarch lives Buckingham
99%
City of the Peaky Blinders Birmingham
98%
British spa town founded by the Romans Bath
96%
Britain's tallest mountain Ben Nevis
93%
Atlantic island a "triangle" is named after Bermuda
93%
Biggest city in Ulster Belfast
90%
National instrument of Scotland Bagpipes
87%
England's "royal county" {Berk}shire
83%
London is divided into 32 of these Boroughs
82%
Street where Sherlock Holmeswas said to live Baker Street
80%
City that lies on the English Channel due south of London Brighton
80%
Slang for people from the above Brummies
78%
Seaside town in Northwest England Blackpool
70%
England's second most populous cityright before the Industrial Revolution Bristol
70%
City in England that gave its nameto a major one in New England Boston
67%
Welsh national park located 40 km north of Cardiff {Brecon} Beacons
60%
Largest shopping centre in that city Bull Ring
48%
National personification of the UK Britannia
21%
Term for a large stream or a small river Burn
15%
Longest river in Northern Ireland Bann
12%
No matching quizzes found
Score Distribution
Percent of People with Each Score
Percentile by Number Answered
Your Score History
You have not taken this quiz